000 00456nam a2200181Ia 4500
001 1532
005 20260306143735.0
008 260306t2015||||xx |||||||||||||| ||spa||
041 _aESP
082 _a150.9
_bA46
100 _aAltamirano, Patricia
_eAUT
245 0 _aHistoria de la psicología:
_borígenes, teorías y corrientes
260 _c2015
300 _a180 páginas :
_c23 cm.
650 _aGEN
654 _aCPS
942 _cLIB
_dJUS
_fJUS
_2ddc
_n
999 _c1532
_d1532